书目信息 |
| 题名: |
中国动物志
|
|
| 作者: | ;许荣满 , 孙毅 著 ;中国科学院中国动物志编辑委员会 主编 | |
| 分册: | 第五十九卷 昆虫纲 | |
| 出版信息: | 北京 科学出版社 2013.06 |
|
| 页数: | 21,870页 | |
| 开本: | 27cm | |
| 丛书名: | ||
| 单 册: | ||
| 中图分类: | Q958.52 , Q958.2 | |
| 科图分类: | ||
| 主题词: | 动物志--中国 , 昆虫志--中国 , 双翅目--动物志--中国 , 虻科--动物志--中国 , 动物志 , 昆虫志 , 双翅目 , 虻科 | |
| 电子资源: | ||
| ISBN: | 978-7-03-037826-2 | |
| 000 | 01699nam0 2200385 450 | |
| 001 | 012013153837 | |
| 005 | 20140609155017.95 | |
| 010 | @a978-7-03-037826-2@b精装@dCNY280.00 | |
| 100 | @a20130716d2013 em y0chiy0110 ea | |
| 101 | 0 | @achi@deng@eeng |
| 102 | @aCN@b110000 | |
| 105 | @aaf z 001yy | |
| 106 | @ar | |
| 200 | 1 | @a中国动物志@9zhong guo dong wu zhi@i昆虫纲@h第五十九卷@i双翅目@i虻科@dFauna sinica@iInsecta@hVol.59@iDiptera@iTabanidae@f中国科学院中国动物志编辑委员会主编@g许荣满,孙毅著@zeng |
| 210 | @a北京@c科学出版社@d2013.06 | |
| 215 | @a21,870页@c图,图版(17页)@d27cm | |
| 300 | @a国家科学技术学术著作出版基金资助出版 国家自然科学基金重大项目 中国科学院知识创新工程重大项目 (国家自然科学基金委员会 中国科学院 国家科技部 资助) | |
| 330 | @a本书分总论和各论两部分。总论部分对虻类的研究简史、形态特征、分类系统、区系分布、生物学、传病关系及标本采集等作了较为详细的介绍。各论部分包括迄今我国已发现的虻类3亚科14属458种及亚种(含3个新种)的分亚科、属和种的检索表,亚科和属的重要特征,并对各种虻的鉴别特征、形态、生物学和地理分布等作了记述。 | |
| 333 | @a动物及相关研究人员 | |
| 510 | 1 | @aFauna sinica@iInsecta@hVol.59@iDiptera@iTabanidae@zeng |
| 606 | 0 | @a动物志@y中国 |
| 606 | 0 | @a昆虫志@y中国 |
| 606 | 0 | @a双翅目@x动物志@y中国 |
| 606 | 0 | @a虻科@x动物志@y中国 |
| 606 | 0 | @a动物志 |
| 606 | 0 | @a昆虫志 |
| 606 | 0 | @a双翅目 |
| 606 | 0 | @a虻科 |
| 690 | @aQ958.52@v5 | |
| 690 | @aQ958.2@v4 | |
| 702 | 0 | @a许荣满@9xu rong man@4著 |
| 702 | 0 | @a孙毅@9sun yi@4著 |
| 711 | 02 | @a中国科学院中国动物志编辑委员会@9zhong guo ke xue yuan zhong guo dong wu zhi bian ji wei yuan hui@4主编 |
| 801 | 0 | @aCN@b人天书店@c20130716 |
| 905 | @b549865-66@dQ958.2@e11:2(59)@f2 | |
| 中国动物志.昆虫纲.第五十九卷.双翅目.虻科=Fauna sinica.Insecta.Vol.59.Diptera.Tabanidae/中国科学院中国动物志编辑委员会主编/许荣满,孙毅著.-北京:科学出版社,2013.06 |
| 21,870页:图,图版(17页);27cm |
| 国家科学技术学术著作出版基金资助出版 国家自然科学基金重大项目 中国科学院知识创新工程重大项目 (国家自然科学基金委员会 中国科学院 国家科技部 资助).-使用对象:动物及相关研究人员 |
| ISBN 978-7-03-037826-2(精装):CNY280.00 |
| 本书分总论和各论两部分。总论部分对虻类的研究简史、形态特征、分类系统、区系分布、生物学、传病关系及标本采集等作了较为详细的介绍。各论部分包括迄今我国已发现的虻类3亚科14属458种及亚种(含3个新种)的分亚科、属和种的检索表,亚科和属的重要特征,并对各种虻的鉴别特征、形态、生物学和地理分布等作了记述。 |
| ● |
| 相关链接 |
|
|
|
|
正题名:中国动物志
索取号:Q958.2/11:2(59)
 
预约/预借
| 序号 | 登录号 | 条形码 | 馆藏地/架位号 | 状态 | 备注 |
| 1 | 549865 | 205498656 | 第二样本阅览室/ [索取号:Q958.2/11:2(59)] | 在馆 | |
| 2 | 549866 | 205498665 | 第三借阅区/ [索取号:Q958.2/11:2(59)] | 在馆 |